Dynamics of international politics / (Record no. 124056)

MARC details
000 -LEADER
fixed length control field 00657nam a22002177a 4500
005 - DATE AND TIME OF LATEST TRANSACTION
control field 20181218123713.0
010 ## - LCCN (DPL NO)
LC control number B-121825
020 ## - INTERNATIONAL STANDARD BOOK NUMBER
Terms of availability 00.00
International Standard Book Number 8126119217
035 ## - SYSTEM CONTROL NUMBER
System control number B-121825, B-121826
037 ## - SOURCE OF ACQUISITION
Source of stock number/acquisition Cen Lib/Ret
082 ## - DEWEY DECIMAL CLASSIFICATION NUMBER
Classification number 3271.1
Item number SHA
100 ## - MAIN ENTRY--PERSONAL NAME
Personal name Sharma, Manoj
245 ## - TITLE STATEMENT
Title Dynamics of international politics /
Statement of responsibility, etc by Manoj Sharma
260 ## - PUBLICATION, DISTRIBUTION, ETC. (IMPRINT)
Place of publication, distribution, etc New Delhi
Name of publisher, distributor, etc Anmol Publications
Date of publication, distribution, etc 2004
270 ## - ADDRESS
Address 4374/4B, Ansari Road, Daryaganj
City New Delhi
Postal code 110002
300 ## - PHYSICAL DESCRIPTION
Extent vii, 415p.
Dimensions 21cm(Hb)
650 ## - SUBJECT ADDED ENTRY--TOPICAL TERM
Topical term or geographic name as entry element International political geography
650 ## - SUBJECT ADDED ENTRY--TOPICAL TERM
Topical term or geographic name as entry element Economic development
942 ## - ADDED ENTRY ELEMENTS (KOHA)
Source of classification or shelving scheme Dewey Decimal Classification
Item type English Books
Classification part 3271.1
Call number suffix SHA
Holdings
Withdrawn status Lost status Not for loan Home library Current library Date acquired Source of acquisition Cost, normal purchase price Full call number Barcode Copy number Cost, replacement price Koha item type Collection code
      Central Library Central Library 13/06/2015 Cen Lib/Ret 0.00 3271.1 SHA B-121825 1 0.00 English Books  
      Patel Nagar Patel Nagar 28/07/2018 BPPD/PUB 0.00 3271.1 SHA B-121826   0.00 English Books Non-fiction

© Delhi Public Library
Hit Counter
free hit counter